MARC
| LEADER | 00000nam a2200000Ia 4500 | ||
|---|---|---|---|
| 008 | 170316s9999 xx 000 0 fred | ||
| 040 | |a cru BVZT | ||
| 090 | |a 415-F C-2.1f | ||
| 100 | |a Cuq, Jean-Pierre | ||
| 245 | |a Le français langue seconde. Origines d'une notion et implications didactiques | ||
| 260 | |a París, Francia | ||
| 260 | |b Hachette | ||
| 260 | |c 1991 | ||
| 300 | |a 224 páginas | ||
| 650 | |a GRAMÁTICA FRANCESA | ||
| 650 | |a EN IDIOMA FRANCÉS | ||
| 650 | |a EL FRANCÉS COMO SEGUNDA LENGUA | ||
| 650 | |a DIDÁCTICA | ||
| 999 | |c 19151 |d 19151 | ||
| 942 | |c LIB |h 415-F C-2.1f |2 z | ||
